000 00499nam a2200169Ia 4500
003 OSt
005 20260314104151.0
008 211028s2014 xx 000 0 und d
040 _cAIMIT LIBRARY
041 _aeng
100 _aPereira, Sandesh Antony; Lasrado, Suman.
_g111789
_94289
110 _aSuman Lasrado
_94290
245 _aA dynamic pricing scheme for queries executed in the cloud cache /
260 _aBangalore
_c2014
710 _aAurionpro Solutions Ltd.
_94291
942 _2ddc
_cPRO
999 _c217520
_d217520